Návrh na pomník Hviezdoslavov (cenou poctený)

Bibliographic Details
Main Author: Majerský, Ladislav, 1900-1965 (Author)
Format: Article
Language:Slovak
Subjects:

MARC

LEADER 00000nab a22000001a 4500
001 vtls010308365
003 SK-MaSNL
005 20260426101722.0
008 110902d193212 xo |r|p|||| |000 b|slo
015 |a SNBRRBVU1918-1938 
038 |a SNKBUCL 
040 |a SNKBUVU  |b slo  |c SNKBUCL  |e AACR2 
041 0 |a slo 
044 |a xo  |c SK 
080 |a 730.071.1  |2 1997 
080 |a 725.94:06.063  |2 1997 
100 1 |a Majerský, Ladislav,  |d 1900-1965  |4 aut  |9 38640 
245 1 0 |a Návrh na pomník Hviezdoslavov (cenou poctený)  |c L. Majerský 
600 1 7 |a Hviezdoslav, Pavol Országh,  |d 1849-1921  |2 MM  |9 92721 
650 0 7 |a slovenské sochárstvo  |2 MM  |9 3052 
650 0 7 |a pomníky  |2 MM  |9 3013 
651 7 |a Bratislava (Slovensko)  |2 MM  |9 14568 
655 7 |a reprodukcie výtvarných diel  |2 MM  |9 310790 
773 0 |t Elán  |g Roč. 3, č. 4 (1932), s. 6 
852 |a SNK  |b KIS3GCP 
910 |a snkrbvumm 
958 |a VY 
999 |c 3236932  |d 3238862